[Event "FIDE World Cup Women 2023"]
[Site "Baku AZE"]
[Date "2023.08.04"]
[Round "2.3"]
[White "Assaubayeva, Bibisara"]
[Black "Gong, Qianyun"]
[Result "1-0"]
[WhiteTitle "IM"]
[BlackTitle "WGM"]
[WhiteElo "2469"]
[BlackElo "2223"]
[WhiteFideId "13708694"]
[BlackFideId "8602425"]
[EventDate "2023.07.30"]
[EventType "k.o."]

1. c4 e6 2. Nc3 d5 3. d4 c5 4. cxd5 exd5 5. Nf3 Nc6 6. dxc5 d4 7. Na4 Bxc5 8.
Nxc5 Qa5+ 9. Bd2 Qxc5 10. b4 Qd5 11. Qb3 Qd6 12. Rd1 Be6 13. Qa4 b5 14. Qxb5 Ne7
15. Qa4 O-O 16. b5 Ne5 17. Nxd4 Nd5 18. e3 Bg4 19. f3 Bd7 20. Qb3 a5 21. e4 Rfe8
22. Be2 Nb6 23. Be3 a4 24. Qb1 Qa3 25. Kf2 Nbc4 26. Nc2 Qe7 27. Rd4 Be6 28. Rhd1
Rac8 29. Bf4 Qf6 30. Bxe5 Nxe5 31. Kg1 Qg5 32. Kh1 Ng6 33. Bf1 Nf4 34. R4d2 Bc4
35. Bxc4 Rxc4 36. Ne3 Rc3 37. Nd5 Rcc8 38. Nxf4 Qxf4 39. Qb4 Ra8 40. Qd6 Qe3 41.
Qd4 Qg5 42. b6 h6 43. b7 Rab8 44. Rb2 a3 45. Rbb1 Kh7 46. Rd3 Re7 47. Rdb3 Qa5
48. Qb4 Qe5 49. Qxa3 Rexb7 50. Qb2 Rxb3 51. axb3 Qe6 52. b4 Rb5 53. Qd4 Qa2 54.
Qd3 Rg5 55. Rg1 Qb2 56. Qc4 h5 57. Qxf7 Qxb4 58. Qf4 Qb5 59. h4 Rg6 60. Kh2 Qc5
61. g3 Rf6 62. Qg5 Qf2+ 63. Rg2 Qxf3 64. e5 Rf5 65. Qe7 Qe3 66. e6 Re5 67. Qe8
Rxe6 68. Qxh5+ Rh6 69. Qf5+ Kg8 70. Rc2 Rf6 71. Rc8+ Kf7 72. Qh5+ Rg6 73. Rc7+
Kg8 74. Qxg6 Qf2+ 75. Kh3 Qf1+ 76. Kg4 Qe2+ 77. Kf4 Qd2+ 78. Ke5 Qa5+ 79. Kd6
Qb6+ 80. Rc6 Qd8+ 81. Ke6 Qa8 82. Qf7+ Kh7 83. Qh5+ Kg8 84. Qd5 Kh7 85. Qd3+ Kh8
86. Qc4 Qe8+ 87. Kf5 Qh5+ 88. Kf4 g5+ 89. Ke4 1-0

[Event "FIDE World Cup Women 2023"]
[Site "Baku AZE"]
[Date "2023.08.04"]
[Round "2.3"]
[White "Zhao, Xue"]
[Black "Yip, Carissa"]
[Result "1/2-1/2"]
[WhiteTitle "GM"]
[BlackTitle "IM"]
[WhiteElo "2457"]
[BlackElo "2369"]
[WhiteFideId "8601283"]
[BlackFideId "2090732"]
[EventDate "2023.07.30"]
[EventType "k.o."]

1. d4 Nf6 2. c4 g6 3. Nc3 Bg7 4. e4 d6 5. Be2 O-O 6. Bg5 c5 7. d5 h6 8. Bh4 e6
9. Nf3 exd5 10. cxd5 Bg4 11. O-O Re8 12. h3 Bxf3 13. Bxf3 a6 14. a4 Nbd7 15. Bg3
Qb6 16. Qc2 c4 17. a5 Qc7 18. Ra4 b5 19. axb6 Nxb6 20. Ra3 Nfd7 21. Rd1 Nc5 22.
Ne2 Rac8 23. Nd4 Nd3 24. Nc6 Nxb2 25. Rb1 c3 26. e5 N2c4 27. Rxa6 dxe5 28. Ra7
Qd6 29. Qxc3 Ra8 30. Rxa8 Rxa8 31. Be2 Ra3 32. Qc2 Ra4 33. Bxc4 Rxc4 34. Qb3 Kh7
35. Qxb6 Qxd5 36. Na5 Rc5 37. Nb7 Rc3 38. Qd6 Qe4 39. Qd1 Rd3 40. Qc2 Qd4 41.
Qc5 Qe4 42. Qc2 Qd4 43. Re1 Rxg3 44. Rd1 Rc3 45. Rxd4 Rxc2 46. Rd7 Kg8 47. Nd6
Bf8 48. Nxf7 Rc1+ 49. Kh2 Rc5 50. f3 Bg7 51. h4 Rc4 52. Kh3 Rf4 53. Nd8 Bf6 54.
Ne6 Rxh4+ 55. Kg3 Rc4 56. Nc7 Bh4+ 57. Kh3 Bg5 58. Ne6 Bf6 59. Nc7 Rh4+ 60. Kg3
Rd4 61. Rxd4 exd4 62. Kf4 Kf7 63. Ke4 Bg7 64. Nb5 Ke6 65. Nxd4+ Bxd4 66. Kxd4
Kf5 67. Ke3 h5 68. g3 g5 69. Kf2 Ke5 70. f4+ gxf4 1/2-1/2

[Event "FIDE World Cup Women 2023"]
[Site "Baku AZE"]
[Date "2023.08.04"]
[Round "2.3"]
[White "Arabidze, Meri"]
[Black "Cori T., Deysi"]
[Result "1/2-1/2"]
[WhiteTitle "IM"]
[BlackTitle "IM"]
[WhiteElo "2451"]
[BlackElo "2369"]
[WhiteFideId "13604040"]
[BlackFideId "3801934"]
[EventDate "2023.07.30"]
[EventType "k.o."]

1. d4 Nf6 2. c4 g6 3. g3 Bg7 4. Bg2 d6 5. Nc3 O-O 6. Nf3 c6 7. O-O Bf5 8. Ne1 e5
9. d5 cxd5 10. cxd5 a5 11. e4 Bd7 12. Nd3 b5 13. b4 Na6 14. Rb1 Qc7 15. Qd2 Rfc8
16. Nd1 Nxb4 17. Nxb4 axb4 18. Ne3 Qa7 19. Rb2 Qd4 20. Nc2 Qc4 21. Ne3 Qd4 22.
Nc2 Qc4 23. Ne3 Qd4 1/2-1/2

[Event "FIDE World Cup Women 2023"]
[Site "Baku AZE"]
[Date "2023.08.04"]
[Round "2.3"]
[White "Krush, Irina"]
[Black "Ouellet, Maili-Jade"]
[Result "1-0"]
[WhiteTitle "GM"]
[BlackTitle "WGM"]
[WhiteElo "2447"]
[BlackElo "2201"]
[WhiteFideId "2012782"]
[BlackFideId "2620472"]
[EventDate "2023.07.30"]
[EventType "k.o."]

1. c4 Nf6 2. Nc3 e6 3. d4 Bb4 4. e3 O-O 5. Ne2 d5 6. a3 Be7 7. cxd5 exd5 8. Nf4
c6 9. Bd3 Re8 10. O-O Nbd7 11. Qc2 Nf8 12. Bd2 Ne6 13. Rae1 Bd6 14. Nxe6 Bxe6
15. f4 Rc8 16. Qb1 b6 17. Kh1 Rc7 18. h3 h5 19. Qd1 Rce7 20. Qf3 Bd7 21. Re2 Qc8
22. f5 Re4 23. Bxe4 dxe4 24. Qf2 Bb8 25. Be1 Qc7 26. g4 hxg4 27. hxg4 Nxg4 28.
Qh4 Nh6 29. f6 Bf5 30. fxg7 Kxg7 31. Rg2+ Bg6 32. Qf6+ Kh7 33. Bg3 Qd7 34. Bxb8
Rxb8 35. Rh2 Qg4 36. Rf4 Qg3 37. Rxh6+ Kxh6 38. Rh4+ Qxh4+ 39. Qxh4+ Kg7 40. Qe7 1-0

[Event "FIDE World Cup Women 2023"]
[Site "Baku AZE"]
[Date "2023.08.04"]
[Round "2.3"]
[White "Narva, Mai"]
[Black "Bulmaga, Irina"]
[Result "1-0"]
[WhiteTitle "IM"]
[BlackTitle "IM"]
[WhiteElo "2387"]
[BlackElo "2416"]
[WhiteFideId "4500512"]
[BlackFideId "13903063"]
[EventDate "2023.07.30"]
[EventType "k.o."]

1. e4 e5 2. Nf3 Nc6 3. Bb5 a6 4. Ba4 Nf6 5. O-O Be7 6. Re1 b5 7. Bb3 O-O 8. c3
d6 9. h3 Bb7 10. d4 Re8 11. Nbd2 Bf8 12. Bc2 d5 13. exd5 Qxd5 14. Bb3 Qd6 15.
Ng5 Nd8 16. Nde4 Nxe4 17. Nxe4 Qg6 18. Ng3 e4 19. Qg4 c5 20. dxc5 Bxc5 21. Be3
Bd6 22. Nf5 Bf8 23. Rad1 Bc8 24. Bd5 Bb7 25. Bb3 Bc8 26. Qxg6 hxg6 27. Nd6 Bxd6
28. Rxd6 Be6 29. Bc2 f5 30. Red1 Nf7 31. Rb6 Ne5 32. b3 Rac8 33. Rdd6 Bf7 34.
Bd4 Nd3 35. Rxa6 f4 36. Ra7 Ra8 37. a4 bxa4 38. bxa4 Rxa7 39. Bxa7 Ne1 40. Bb1
Bc4 41. Rd7 Nd3 42. Kh2 e3 43. fxe3 fxe3 44. Bxd3 e2 45. Bxc4+ 1-0

[Event "FIDE World Cup Women 2023"]
[Site "Baku AZE"]
[Date "2023.08.04"]
[Round "2.4"]
[White "Ju, Wenjun"]
[Black "Repkova, Eva"]
[Result "1/2-1/2"]
[WhiteTitle "GM"]
[BlackTitle "IM"]
[WhiteElo "2564"]
[BlackElo "2312"]
[WhiteFideId "8603006"]
[BlackFideId "14900440"]
[EventDate "2023.07.30"]
[EventType "k.o."]

1. d4 Nf6 2. c4 e6 3. Nf3 Bb4+ 4. Bd2 Qe7 5. g3 Bxd2+ 6. Qxd2 Nc6 7. Nc3 d5 8.
Ne5 dxc4 9. Nxc6 bxc6 10. Bg2 O-O 11. Bxc6 Rb8 12. O-O Rd8 13. Rfd1 Nd5 14. b3
cxb3 15. axb3 Rb6 16. Bxd5 exd5 17. Rxa7 Rh6 18. Qf4 Rc6 19. Qf3 Be6 20. Rda1 h5
21. Ra8 Qd7 22. e4 Bg4 23. Qe3 dxe4 24. Nxe4 Re6 25. Nc5 Rxe3 26. Nxd7 Ree8 27.
Rxd8 Rxd8 28. Ne5 Rxd4 29. Nxg4 Rxg4 30. Rc1 Rb4 31. Rxc7 Rxb3 32. h4 g6 33. Kg2
Kg7 34. Rc6 1/2-1/2

[Event "FIDE World Cup Women 2023"]
[Site "Baku AZE"]
[Date "2023.08.04"]
[Round "2.4"]
[White "Lagno, Kateryna"]
[Black "Gomes, Mary Ann"]
[Result "0-1"]
[WhiteTitle "GM"]
[BlackTitle "WGM"]
[WhiteElo "2552"]
[BlackElo "2326"]
[WhiteFideId "14109336"]
[BlackFideId "5013623"]
[EventDate "2023.07.30"]
[EventType "k.o."]

1. e4 c5 2. Nf3 e6 3. d4 cxd4 4. Nxd4 Nf6 5. Nc3 Nc6 6. Qd3 d5 7. exd5 exd5 8.
Be3 Bb4 9. a3 Ba5 10. O-O-O O-O 11. Nb3 Bxc3 12. Qxc3 Bf5 13. Bd3 Bxd3 14. Qxd3
h6 15. f3 Rc8 16. Bf2 Re8 17. Rhe1 b6 18. Bh4 Ne5 19. Qf5 Ned7 20. Nd4 g6 21.
Bxf6 Nxf6 22. Rxe8+ Nxe8 23. Qf4 Kg7 24. Re1 Qf6 25. Qe5 Nd6 26. Qxd5 Rc5 27.
Ne6+ Qxe6 28. Qxe6 fxe6 29. Rxe6 Nf7 30. f4 g5 31. fxg5 Rxg5 32. g3 Re5 33. Rc6
Re7 34. b3 Ne5 35. Rd6 Nf3 36. h4 Ne5 37. h5 Nd7 38. a4 Nf6 39. g4 Kf7 40. a5
bxa5 41. Ra6 Nxg4 42. Rxa5 Kf6 43. Kb2 Ne5 44. c4 Kg5 45. c5 Kxh5 46. c6 Kg4 47.
c7 Rxc7 48. Rxe5 h5 49. Re8 h4 50. Rg8+ Kf3 51. Rf8+ Kg2 52. Rg8+ Kh2 53. b4 h3
54. Kb3 Kh1 55. b5 h2 56. Kb4 Rc1 57. Rg7 Rb1+ 58. Kc5 Ra1 59. Kc6 Ra2 60. Kb7
Rg2 61. Rh7 Rg5 0-1

[Event "FIDE World Cup Women 2023"]
[Site "Baku AZE"]
[Date "2023.08.04"]
[Round "2.4"]
[White "Yan, Tianqi"]
[Black "Kosteniuk, Alexandra"]
[Result "1/2-1/2"]
[WhiteTitle "WIM"]
[BlackTitle "GM"]
[WhiteElo "2277"]
[BlackElo "2532"]
[WhiteFideId "8615250"]
[BlackFideId "4128125"]
[EventDate "2023.07.30"]
[EventType "k.o."]

1. e4 e5 2. Nf3 Nc6 3. Bb5 a6 4. Ba4 Nf6 5. O-O Be7 6. Re1 b5 7. Bb3 d6 8. c3
O-O 9. h3 h6 10. d4 Re8 11. Nbd2 Bf8 12. Bc2 Bd7 13. Nf1 a5 14. g4 Nh7 15. Ng3
Be7 16. Kh2 Ng5 17. Be3 a4 18. d5 Na5 19. Nf5 Bxf5 20. gxf5 Nc4 21. Bc1 Nxf3+
22. Qxf3 Bg5 23. Rg1 Bxc1 24. Raxc1 Qf6 25. b3 axb3 26. axb3 Na5 27. Rg3 Kh7 28.
Qe2 c6 29. dxc6 Nxc6 30. Rcg1 Rg8 31. Qxb5 Ne7 32. b4 Ra2 33. Qd3 g6 34. R1g2
Rb2 35. Bd1 Ra8 36. Bg4 Raa2 37. Qf3 g5 38. Bh5 d5 39. exd5 Nxf5 40. Bg4 Kg6 41.
Bxf5+ Qxf5 42. Qxf5+ Kxf5 43. Rf3+ Ke4 44. Rxf7 Kxd5 45. Rf6 e4 46. Rxh6 Rxf2
47. Rxf2 Rxf2+ 48. Kg3 Rc2 49. Rh5 Rxc3+ 50. Kf2 Kd4 51. Rxg5 Rxh3 52. Ra5 Rh2+
53. Ke1 Rh1+ 54. Ke2 Rh2+ 55. Ke1 Rh1+ 56. Ke2 1/2-1/2

[Event "FIDE World Cup Women 2023"]
[Site "Baku AZE"]
[Date "2023.08.04"]
[Round "2.4"]
[White "Kulon, Klaudia"]
[Black "Dzagnidze, Nana"]
[Result "1-0"]
[WhiteTitle "IM"]
[BlackTitle "GM"]
[WhiteElo "2331"]
[BlackElo "2511"]
[WhiteFideId "1131044"]
[BlackFideId "13601903"]
[EventDate "2023.07.30"]
[EventType "k.o."]

1. e4 c6 2. d4 d5 3. e5 Bf5 4. h4 h5 5. Bd3 Bxd3 6. Qxd3 e6 7. Nf3 Qa5+ 8. Nbd2
Qa6 9. c4 Nd7 10. b3 Nh6 11. O-O Be7 12. a4 Nf5 13. Ba3 Rd8 14. Bxe7 Nxe7 15. b4
b6 16. b5 Qb7 17. bxc6 Qxc6 18. Qa3 Nf8 19. Rac1 Nfg6 20. Rfe1 O-O 21. Ng5 dxc4
22. Nde4 f6 23. exf6 gxf6 24. Nh3 Rxd4 25. Ng3 Nxh4 26. f3 Kf7 27. Re4 Rxe4 28.
Nxe4 Rg8 29. Nf4 Nef5 30. Rc2 Qc7 31. Nxh5 Nd4 32. Nd6+ Kg6 33. Rxc4 Ndxf3+ 34.
Kf2 Qh7 35. Qd3+ f5 36. Nf4+ Kh6 37. gxf3 Qg7 38. Ke2 Qe5+ 39. Kd2 Nxf3+ 40.
Qxf3 Qxd6+ 41. Kc2 Rg4 42. Qe3 Kh7 43. Qh3+ Kg7 44. Qc3+ Kh6 45. Qh8+ Kg5 46.
Qg7+ Kh4 47. Qh6+ Kg3 48. Rc3+ Kf2 49. Qh2+ Kf1 50. Rf3+ Ke1 51. Qe2# 1-0

[Event "FIDE World Cup Women 2023"]
[Site "Baku AZE"]
[Date "2023.08.04"]
[Round "2.4"]
[White "Gong, Qianyun"]
[Black "Assaubayeva, Bibisara"]
[Result "0-1"]
[WhiteTitle "WGM"]
[BlackTitle "IM"]
[WhiteElo "2223"]
[BlackElo "2469"]
[WhiteFideId "8602425"]
[BlackFideId "13708694"]
[EventDate "2023.07.30"]
[EventType "k.o."]

1. e4 e5 2. Nf3 Nc6 3. Bc4 Nf6 4. d3 d5 5. exd5 Nxd5 6. O-O Be7 7. Re1 f6 8. c3
Bg4 9. h3 Bh5 10. d4 exd4 11. cxd4 O-O 12. Nc3 Bf7 13. Bb3 Kh8 14. Bd2 Qd7 15.
Rc1 Nb6 16. Bc2 Rae8 17. Be3 Nc4 18. Bb1 Nxe3 19. fxe3 Bd6 20. Ne4 Bb4 21. Nc5
Bxc5 22. Rxc5 Nb4 23. a3 b6 24. Rc1 Nd5 25. Nh4 g6 26. e4 Nf4 27. Qd2 Ne6 28. d5
Nc5 29. Qf2 Bg8 30. b4 Nb7 31. Qf4 Rf7 32. Qh6 Rg7 33. e5 f5 34. Rc6 Nd6 35. e6
Bxe6 36. Rxd6 Qxd6 37. dxe6 Rxe6 38. Rf1 Qg3 39. Bxf5 Qe3+ 40. Qxe3 Rxe3 41. Bg4
Rge7 42. Rf8+ Kg7 43. Ra8 Rxa3 44. b5 Ra4 45. Nf3 h5 46. Bc8 Re8 47. Kh2 Rb4 48.
Ng5 Kf6 49. Nh7+ Ke7 50. Ng5 Rxb5 51. Ne4 Rd5 0-1

[Event "FIDE World Cup Women 2023"]
[Site "Baku AZE"]
[Date "2023.08.04"]
[Round "2.4"]
[White "Yip, Carissa"]
[Black "Zhao, Xue"]
[Result "0-1"]
[WhiteTitle "IM"]
[BlackTitle "GM"]
[WhiteElo "2369"]
[BlackElo "2457"]
[WhiteFideId "2090732"]
[BlackFideId "8601283"]
[EventDate "2023.07.30"]
[EventType "k.o."]

1. e4 e5 2. Nf3 Nc6 3. Bb5 Nf6 4. d3 Bc5 5. Bxc6 dxc6 6. O-O Nd7 7. Nbd2 O-O 8.
Nc4 Re8 9. Kh1 Bf8 10. Bd2 f6 11. g4 Nc5 12. Rg1 g6 13. g5 f5 14. exf5 e4 15.
dxe4 Nxe4 16. Be3 Qd5 17. Qxd5+ cxd5 18. Na5 Bxf5 19. Rad1 Nd6 20. Nd2 b6 21.
Nc6 Bd7 22. Nd4 c5 23. N4f3 d4 24. Bf4 Bc6 25. Rge1 Nc4 26. Kg1 Nxb2 27. Rb1 Na4
28. Ne5 Bd5 29. Ra1 Nc3 30. a3 Bg7 31. Bg3 Re6 32. f4 Rd8 33. a4 Bxe5 34. fxe5
a5 35. Rf1 Ne2+ 36. Kf2 Nxg3 37. Kxg3 Rxe5 38. Rae1 Rxg5+ 39. Kh4 Rg2 40. Ne4
Bxe4 41. Rxe4 Rf8 0-1

[Event "FIDE World Cup Women 2023"]
[Site "Baku AZE"]
[Date "2023.08.04"]
[Round "2.4"]
[White "Cori T., Deysi"]
[Black "Arabidze, Meri"]
[Result "0-1"]
[WhiteTitle "IM"]
[BlackTitle "IM"]
[WhiteElo "2369"]
[BlackElo "2451"]
[WhiteFideId "3801934"]
[BlackFideId "13604040"]
[EventDate "2023.07.30"]
[EventType "k.o."]

1. Nf3 Nf6 2. g3 b6 3. d3 Bb7 4. Bg2 g6 5. e4 d6 6. Bg5 Bg7 7. Qc1 h6 8. Bd2 c5
9. Nc3 Nc6 10. O-O Rc8 11. Nh4 Qc7 12. f4 Nd4 13. a4 a6 14. Bh3 Rd8 15. Be3 Bc6
16. Qd2 Bd7 17. Bg2 Ng4 18. Nd5 Qb8 19. h3 Nxe3 20. Nxe3 g5 21. fxg5 hxg5 22.
Qf2 O-O 23. Nhf5 Nxf5 24. Nxf5 Bxf5 25. Qxf5 f6 26. Qd5+ Rf7 27. h4 Qa8 28. e5
Qxd5 29. Bxd5 gxh4 30. exf6 Bxf6 31. g4 Rf8 32. Kg2 Kg7 33. c3 e6 34. Bxe6 Re7
35. Bf5 Re2+ 36. Rf2 h3+ 37. Kf3 Rxf2+ 38. Kxf2 h2 39. Kg2 Be5 40. Rd1 Rh8 41.
Kh1 Kf6 42. d4 cxd4 43. cxd4 Bg3 44. Kg2 Kg5 45. Rh1 Bf4 46. Re1 a5 47. b3 Bd2
48. Rd1 Be3 49. d5 Bf4 50. Re1 Be5 51. Rf1 Rf8 52. Rf3 Rh8 53. Rf1 Bd4 54. Be6
Kg6 55. Bf5+ Kg5 56. Be6 Be5 57. Rf5+ Kg6 58. Rh5 Rxh5 59. gxh5+ Kxh5 60. Bf5
Kg5 61. Bd3 Kf4 62. Bc4 Ke4 63. Kh1 Kd4 64. Kg2 Kc5 65. Kh1 b5 66. Bxb5 Kxd5 67.
Kg2 Kc5 68. Be2 d5 69. Bf3 d4 70. Kf2 Kb4 71. Ke2 Kc3 72. Kd1 Kd3 73. Bd5 Ke3
74. b4 axb4 75. a5 b3 76. a6 b2 77. Kc2 d3+ 78. Kb1 d2 0-1

[Event "FIDE World Cup Women 2023"]
[Site "Baku AZE"]
[Date "2023.08.04"]
[Round "2.4"]
[White "Ouellet, Maili-Jade"]
[Black "Krush, Irina"]
[Result "0-1"]
[WhiteTitle "WGM"]
[BlackTitle "GM"]
[WhiteElo "2201"]
[BlackElo "2447"]
[WhiteFideId "2620472"]
[BlackFideId "2012782"]
[EventDate "2023.07.30"]
[EventType "k.o."]

1. d4 d5 2. c4 dxc4 3. Nf3 Nf6 4. e3 e6 5. Bxc4 c5 6. O-O a6 7. Bb3 Nc6 8. Nc3
cxd4 9. exd4 Be7 10. Re1 O-O 11. h4 Nb4 12. Ne5 Bd7 13. h5 Bc6 14. h6 g6 15. Bg5
Bd5 16. Nxd5 Nbxd5 17. Qf3 Rc8 18. Rad1 Rc7 19. Qh3 Kh8 20. Rd3 Ng8 21. Bxe7
Ngxe7 22. Qh2 Kg8 23. Ng4 Rc6 24. Qe5 f6 25. Qe4 Nf5 26. Rdd1 Kf7 27. g3 Qd6 28.
Kg2 Rd8 29. Qf3 Rc7 30. Re4 Re7 31. Rde1 Rdd7 32. Qe2 Rd8 33. Qd2 Rdd7 34. Nh2
Rd8 35. Nf3 Qc6 36. Qe2 Rde8 37. Qd2 Nd6 38. R4e2 Nf5 39. Qd1 Nf4+ 40. gxf4 Nh4+
41. Kg3 Qxf3+ 42. Kxh4 g5+ 43. fxg5 fxg5+ 44. Kxg5 Rg8+ 0-1

[Event "FIDE World Cup Women 2023"]
[Site "Baku AZE"]
[Date "2023.08.04"]
[Round "2.4"]
[White "Bulmaga, Irina"]
[Black "Narva, Mai"]
[Result "1-0"]
[WhiteTitle "IM"]
[BlackTitle "IM"]
[WhiteElo "2416"]
[BlackElo "2387"]
[WhiteFideId "13903063"]
[BlackFideId "4500512"]
[EventDate "2023.07.30"]
[EventType "k.o."]

1. e4 c5 2. Nf3 e6 3. d4 cxd4 4. Nxd4 Nf6 5. Nc3 Nc6 6. a3 Be7 7. Be2 d6 8. Be3
O-O 9. Qd2 e5 10. Nb3 Be6 11. O-O-O a5 12. Qe1 a4 13. Nc5 Qc7 14. Nb5 Qb8 15.
Nxe6 fxe6 16. Bc4 Kf7 17. f4 exf4 18. Bxf4 Rd8 19. Qe2 Ra5 20. g4 Qc8 21. g5 Ne8
22. Rhf1 Kg8 23. Qg4 d5 24. exd5 Na7 25. Nxa7 Rxa7 26. Be3 Bc5 27. Bxc5 Qxc5 28.
d6 Nxd6 29. Qxe6+ Kh8 30. Rxd6 Qxg5+ 31. Kb1 Raa8 32. Rxd8+ Rxd8 33. Bd3 h5 34.
Qg6 1-0

[Event "FIDE World Cup Women 2023"]
[Site "Baku AZE"]
[Date "2023.08.04"]
[Round "2.5"]
[White "Narva, Mai"]
[Black "Bulmaga, Irina"]
[Result "1-0"]
[WhiteTitle "IM"]
[BlackTitle "IM"]
[WhiteElo "2387"]
[BlackElo "2416"]
[WhiteFideId "4500512"]
[BlackFideId "13903063"]
[EventDate "2023.07.30"]
[EventType "k.o."]

1. e4 e5 2. Nf3 Nc6 3. Bb5 a6 4. Ba4 Nf6 5. O-O Be7 6. Re1 b5 7. Bb3 O-O 8. c3
d6 9. h3 Bb7 10. d4 Re8 11. Bc2 Bf8 12. Nbd2 h6 13. d5 Nb8 14. b3 c6 15. c4 Nbd7
16. Nf1 bxc4 17. bxc4 Nc5 18. Ng3 a5 19. Be3 cxd5 20. cxd5 Rc8 21. Qd2 Nfd7 22.
Nf5 Nb6 23. Qxa5 Ra8 24. Qb4 Nba4 25. Nd2 Bc8 26. Ng3 Bd7 27. Nc4 Rb8 28. Qd2
Bb5 29. Na5 Ra8 30. Nb3 Na6 31. Rab1 Qd7 32. Bd1 Reb8 33. Bg4 Qd8 34. Nf5 Kh7
35. Rec1 h5 36. Be2 Bd7 37. Bg5 f6 38. Be3 g6 39. Ng3 N6c5 40. h4 Nxb3 41. axb3
Nc5 42. b4 Na4 43. Kh2 f5 44. Bg5 Qb6 45. exf5 gxf5 46. Nxh5 Be8 47. Nf6+ Kh8
48. Bh6 Qxf2 49. Qg5 Bg6 50. Bxf8 Rxf8 51. Qh6+ 1-0

[Event "FIDE World Cup Women 2023"]
[Site "Baku AZE"]
[Date "2023.08.04"]
[Round "2.6"]
[White "Bulmaga, Irina"]
[Black "Narva, Mai"]
[Result "1/2-1/2"]
[WhiteTitle "IM"]
[BlackTitle "IM"]
[WhiteElo "2416"]
[BlackElo "2387"]
[WhiteFideId "13903063"]
[BlackFideId "4500512"]
[EventDate "2023.07.30"]
[EventType "k.o."]

1. e4 c5 2. Nf3 e6 3. d4 cxd4 4. Nxd4 Nf6 5. Nc3 Nc6 6. a3 Be7 7. Be2 d6 8. Be3
O-O 9. Qd2 e5 10. Nb3 Nxe4 11. Nxe4 d5 12. Ng3 d4 13. Bxd4 Nxd4 14. Nxd4 Qxd4
15. Qxd4 exd4 16. O-O-O Rd8 17. Bf3 Rb8 18. Rhe1 Be6 19. Kb1 b5 20. Ne2 Bf6 21.
Nf4 Rb6 22. h3 a5 23. Bg4 Bxg4 24. hxg4 g6 25. Rd3 Bg5 26. Nh3 Bf6 27. f3 Rc6
28. g5 Bg7 29. Re7 h6 30. gxh6 Bxh6 31. Re5 Rdc8 32. Re2 Rc4 33. f4 a4 34. g4 b4
35. g5 Bf8 36. Nf2 Bg7 37. Ne4 R8c6 38. Nd2 Rxc2 39. Re8+ Bf8 40. axb4 f5 41. b5
R6c5 42. b6 Rc1+ 43. Ka2 Rb5 44. Rxd4 Kf7 45. Re5 Rxb6 46. Nc4 Rb7 47. Nd6+ Bxd6
48. Rxd6 a3 49. b3 Ra7 50. Re2 Rf1 51. Rd4 Rf3 52. Red2 Ke7 53. Re2+ Kf7 54.
Red2 Ke7 55. Rc2 Rb7 56. b4 Re3 57. Rc5 Ra7 58. Rc2 Ke6 59. b5 Re4 60. Rc6+ Kf7
61. Rxe4 fxe4 62. Rc4 e3 63. b6 Re7 64. Rc1 e2 65. Re1 Rb7 66. Rxe2 Rxb6 67.
Kxa3 Re6 68. Rc2 Re3+ 69. Kb4 Re4+ 70. Rc4 Re1 71. Kb5 Ke6 72. Rc6+ Kf5 73. Rf6+
Kg4 74. Kc5 Re4 75. Kd5 Rxf4 76. Rxg6 Rf5+ 77. Ke6 Rxg5 1/2-1/2

[Event "FIDE World Cup Women 2023"]
[Site "Baku AZE"]
[Date "2023.08.06"]
[Round "3.2"]
[White "Zhu, Jiner"]
[Black "Osmak, Yuliia"]
[Result "1/2-1/2"]
[WhiteTitle "WGM"]
[BlackTitle "IM"]
[WhiteElo "2498"]
[BlackElo "2444"]
[WhiteFideId "8608059"]
[BlackFideId "14101602"]
[EventDate "2023.07.30"]
[EventType "k.o."]

1. e4 c6 2. d4 d5 3. e5 Bf5 4. h4 h5 5. Bd3 Bxd3 6. Qxd3 Qa5+ 7. Nd2 e6 8. Nf3
Nh6 9. O-O Nf5 10. Nb3 Qa6 11. Qd1 b6 12. Bg5 c5 13. dxc5 Bxc5 14. Nxc5 bxc5 15.
Re1 Nc6 16. b3 Rb8 17. c3 Nce7 18. Re2 Rb7 19. Rc1 Rd7 20. Rd2 Qb7 21. Qe2 Qc7
22. Bxe7 Kxe7 23. c4 d4 24. Rd3 a5 25. Re1 Qb7 26. Qd2 Qb4 27. Qg5+ Kf8 28. a4
Rh6 29. Re4 Qb7 30. Re2 Qa8 31. g3 Kg8 32. Nd2 Qb8 33. Kh2 Qc7 34. Nf3 Qb8 35.
Qd2 Ra7 36. Ng5 Rh8 37. Rf3 Rh6 38. Qd3 Qc8 39. Ne4 Qc7 40. Ng5 Qc8 41. Qd1 Qb8
42. Qd2 1/2-1/2

[Event "FIDE World Cup Women 2023"]
[Site "Baku AZE"]
[Date "2023.08.10"]
[Round "4.2"]
[White "Goryachkina, Aleksandra"]
[Black "Batsiashvili, Nino"]
[Result "1-0"]
[WhiteTitle "GM"]
[BlackTitle "GM"]
[WhiteElo "2557"]
[BlackElo "2474"]
[WhiteFideId "4147103"]
[BlackFideId "13602993"]
[EventDate "2023.07.30"]
[EventType "k.o."]

1. d4 d5 2. c4 e6 3. Nf3 Nf6 4. Nc3 Nbd7 5. Bf4 Bb4 6. cxd5 exd5 7. e3 Ne4 8.
Qc2 g5 9. Be5 Rg8 10. h3 Nb6 11. Nd2 Nxd2 12. Qxh7 Rg6 13. Kxd2 Bf5 14. g4 Be4
15. f3 Bxf3 16. Bb5+ c6 17. Raf1 cxb5 18. Rxf3 Nc4+ 19. Ke2 Nxe5 20. Qh8+ Bf8
21. Qxe5+ Re6 22. Qxd5 b4 23. Qxb7 Be7 24. Nd5 Rc8 25. Rhf1 f6 26. Nxf6+ Bxf6
27. Rxf6 Rxf6 28. Rxf6 Rc2+ 29. Kd1 Qxf6 30. Qe4+ Kd8 31. Kxc2 Qd6 32. Qa8+ Ke7
33. Qxa7+ Kf6 34. Qc5 Qh2+ 35. Kb3 1-0

[Event "FIDE World Cup Women 2023"]
[Site "Baku AZE"]
[Date "2023.08.10"]
[Round "4.2"]
[White "Khotenashvili, Bella"]
[Black "Koneru, Humpy"]
[Result "0-1"]
[WhiteTitle "GM"]
[BlackTitle "GM"]
[WhiteElo "2475"]
[BlackElo "2553"]
[WhiteFideId "13602640"]
[BlackFideId "5008123"]
[EventDate "2023.07.30"]
[EventType "k.o."]

1. d4 e6 2. e4 b6 3. Bd3 Bb7 4. Nf3 d6 5. c4 Nd7 6. Nc3 Ne7 7. a3 g6 8. Be3 Bg7
9. Qd2 h6 10. d5 e5 11. g4 a5 12. Bc2 Ba6 13. b3 Nf6 14. h3 Qd7 15. Ng1 b5 16.
Nge2 O-O 17. cxb5 Bxb5 18. Bxh6 Bxh6 19. Qxh6 Bxe2 20. Nxe2 c6 21. Ng3 cxd5 22.
g5 Nh7 23. exd5 Qc7 24. Rc1 Qc3+ 25. Ke2 Nxd5 26. Rhd1 Nf4+ 27. Kf1 Qf3 28. Be4
Qxb3 29. Bxa8 Rxa8 30. Rxd6 Qf3 31. Rcd1 Rf8 32. Rd8 e4 33. Rxf8+ Nxf8 34. Rd8
Ne6 35. Rd2 Nf4 36. Rd8 Qg2+ 37. Ke1 Qg1+ 38. Nf1 Nd3+ 39. Kd2 Qxf2+ 40. Kc3
Qc5+ 41. Kd2 Qc1+ 42. Ke2 Qe1# 0-1